Questionnaire for the inspection of offices of deputy commissioners and subdivisional officers (Record no. 397885)

000 -LEADER
fixed length control field 00409cam a22001097a 4500
008 - FIXED-LENGTH DATA ELEMENTS--GENERAL INFORMATION
fixed length control field 180718b1957 xxu||||| |||| 00| 0 eng d
082 ## - DEWEY DECIMAL CLASSIFICATION NUMBER
Classification number I5011x5411 As72Q
245 ## - TITLE STATEMENT
Title Questionnaire for the inspection of offices of deputy commissioners and subdivisional officers
Statement of responsibility, etc. by Appointment Department, Assam
260 ## - PUBLICATION, DISTRIBUTION, ETC.
Place of publication, distribution, etc. Shillong
Name of publisher, distributor, etc. Appointment Department
Date of publication, distribution, etc. 1957
300 ## - PHYSICAL DESCRIPTION
Extent v.p.
700 ## - ADDED ENTRY--PERSONAL NAME
Personal name Assam. Appointment Department
Holdings
Withdrawn status Lost status Damaged status Not for loan Permanent Location Current Location Date acquired Full call number Barcode Date last seen Price effective from Koha item type
        Indian Institute of Public Administration Indian Institute of Public Administration 2001-07-19 I5011x5411 As72Q 4344 2018-07-21 2018-07-21 Book

Powered by Koha